Grundzüge der neueren privatrechts-geschichte.

Kaydedildi:
Detaylı Bibliyografya
Yazar: Molitor, Erich (Yazar)
Materyal Türü: Kitap
Baskı/Yayın Bilgisi: Karlsruhe, Deutschland: C.F. Muller, 1949.
Konular:
Etiketler: Etiketle
Etiket eklenmemiş, İlk siz ekleyin!

MARC

LEADER 00000nam a22000007a 4500
003 CL-VaPUC
005 20220822114850.0
008 220809t1949 ||||| |||| 00| 0 eng d
999 |c 438205  |d 438203 
040 |c Pontificia Universidad Católica de Valparaíso 
082 7 |a 345.4309 MOL 1949  |2 22 
100 1 |a Molitor, Erich  |e author  |9 875252 
245 |a Grundzüge der neueren privatrechts-geschichte. 
260 |a Karlsruhe, Deutschland:  |b C.F. Muller,   |c 1949. 
300 |a 109 páginas.  
500 |a c.1 Donación Familia Prof. Alejandro Guzmán Brito. 
583 |c 20220809  |k Cristina María Rojas Aguilar 
650 |a Derecho privado   |z Europa   |x Historia  |9 874292 
942 |2 ddc  |c BK  |n 0 
952 |0 0  |1 0  |2 ddc  |4 0  |6 345_430900000000000_MOL_1949  |7 1  |8 C_AGB  |9 586085  |a BIBDER  |b BIBDER  |d 2022-08-09  |e Donación   |i 5654052  |o 345.4309 MOL 1949  |p 5654052  |r 2023-01-25  |t 1  |w 2022-08-09  |y BK_US  |k AGB